Responses for Show #3257 - Tuesday, November 3, 1998

Contestants

[<< previous game]

Allen Upchurch, a mathematics teacher from Camden, South Carolina

Jessica Ginsburg, an executive assistant from Stamford, Connecticut

Sinan Turnacioglu, a medical student from East Brunswick, New Jersey (whose 1-day cash winnings total $8,400)

[next game >>]

Jeopardy! Round responses

WEATHER
19th CENTURY FOOD & DRINK
ROCK & POP
SEAS
POTPOURRI
ANAGRAMMED HITCHCOCK FILMS
    $100 22
Fahrenheit

Allen
    $100 12
Tea

Sinan
    $100 1
(Sinan: What are the 1980s?)
(Allen: What are the 1970s?)
(Jessica: What are the 1990s?)

1950s

SinanJessicaAllen
Triple Stumper
    $100 11
Caribbean Sea

Jessica
    $100 17
Titanic

Jessica
    $100 4
"Marnie"

Triple Stumper
    $200 23
(Allen: What is a typhoon?)
...
(Alex: Less than a minute to go.)

a hurricane

SinanAllen
    $200 16
Beef Stroganoff

Jessica
    $200 2
(Sinan: What were 2 U.S. cities?)

a steamroller

SinanAllen
    $200 13
Adriatic

Sinan
    $200 18
Telephone operators

Triple Stumper
    $200 5
"Vertigo"

Jessica
    $300 24
(Jessica: What is stratus?)

cumulus

JessicaAllen
    $300 19
William Underwood Co.

Triple Stumper
    $300 3
(Allen: [Not clear])

The Allman Brothers Band

Allen
    $300 14
China Sea

Sinan
    $300 26
Catherine the Great

Jessica
    $300 6
"Psycho"

Allen
    $400 25
Front

Sinan
    $400 20
(Allen: What is Chicago?)

New Orleans

Allen
Triple Stumper
    $400 9
Prince

Sinan
    $400 15
Red Sea

Jessica
    $400 27
Whistling

Allen
    $400 7
"The Birds"

Sinan
    $500 28
Glaciers

Allen
    $500 21
Chase & Sanborn

Triple Stumper
    $500 10
Men At Work

Sinan
    $500 29
[The end-of-round signal sounds.]

Aristophanes

Jessica
    $500 8
"Dial M For Murder"

Jessica

Scores at the first commercial break (after clue 12):

Sinan Jessica Allen
$1,100 $700 $100

Scores at the end of the Jeopardy! Round:

Sinan Jessica Allen
$2,200 $1,900 $800

Double Jeopardy! Round responses

MURDER, SHE WROTE
THE JEFFERSONS
DYNASTY
(Alex: I will give you the dynasty, you have to identify the country.)
COACH
JUST SHOOT ME
"GOOD" TIMES
    $200 12
Agatha Christie

Allen
    $200 18
(Allen: What is Abigail?)

Martha

SinanAllen
    $200 2
France

Jessica
    $200 26
"Bo"

Triple Stumper
    $200 3
a bazooka

Allen
    $200 1
the Good Samaritan

Sinan
    $400 13
P.D. James

Sinan
    $400 19
Paris

Jessica
    $400 4
Egypt

Sinan
    $400 27
[Alex pronounces "SI" in the clue as "Sports Illustrated."]

the University of Tennessee

Sinan
    $400 14
Derringer

Allen
    $400 8
"Good Vibrations"

Jessica
    $600 20
"The Little Foxes"

Jessica
    $600 22
Monticello

Jessica
    $600 5
Scotland

Jessica
    $600 28
the Dallas Cowboys

Sinan
    $600 15
a flamethrower

Sinan
    $600 9
Jane Goodall

Allen
    $800 21
VI Warshawski

Allen
    $800 23
Adams

Sinan
    $800 6
Vietnam

Jessica
    $800 29
(Jessica: Who is Gundy?)

Phil Jackson

Jessica
Triple Stumper
    $800 16
a flintlock

Allen
    $800 10
[The bottom of Africa was indicated.]

the Cape of Good Hope

Jessica
    $1,000 25
(Alex: Less than a minute to go.)

Mary Shelley (created "Frankenstein")

Sinan
    $1000 24
Sally Hemings

Triple Stumper
    $500 7
(Jessica: What is Norway?)

Sweden

Jessica
    $1000 30
Boris Becker

Allen
    $1000 17
a howitzer

Triple Stumper
    $1000 11
Robin Goodfellow

Jessica

Scores at the end of the Double Jeopardy! Round:

Sinan Jessica Allen
$6,800 $6,000 $4,600

[wagering suggestions for these scores]

Final Jeopardy! Round responses

20th CENTURY WOMEN
(former New York Congresswoman)
AllenWho is Lady Bird Johnson?
$4,500
JessicaWho was Betty Shabazz?
$6,000
SinanWho is Klein?
$5,400
Bella Abzug

Final scores:

Sinan Jessica Allen
$1,400 $0 $100
2-day champion: $9,800 3rd place: Festina Mega-Quartz Watches 2nd place: Trip to Double Tree Resort, Walt Disney World Village, Florida

Game dynamics:

Coryat scores:

Sinan Jessica Allen
$6,800 $6,500 $4,900
17 R
(including 1 DD),
2 W
17 R,
4 W
(including 1 DD)
13 R,
5 W
(including 1 DD)

Combined Coryat: $18,200

[game clues] [game scores] [suggest correction]

Game tape date: 1998-09-03
The J! Archive is created by fans, for fans. Scraping, republication, monetization, and malicious use prohibited; this site may use cookies and collect identifying information. See terms. The Jeopardy! game show and all elements thereof, including but not limited to copyright and trademark thereto, are the property of Jeopardy Productions, Inc. and are protected under law. This website is not affiliated with, sponsored by, or operated by Jeopardy Productions, Inc. Join the discussion at JBoard.tv.